"तुमSाा जन्मरवि म्हणजेSा तुमSया जन्मतारखेवरु न, विविध प्रकारSो मार्गदर्शन" (Record no. 309094)
[ view plain ]
| 000 -LEADER | |
|---|---|
| fixed length control field | 01056nam a2200169Ia 4500 |
| 008 - FIXED-LENGTH DATA ELEMENTS--GENERAL INFORMATION | |
| fixed length control field | 090711s9999 xx 000 0 und d |
| 082 ## - DEWEY DECIMAL CLASSIFICATION NUMBER | |
| Item number | 62486 |
| 100 ## - MAIN ENTRY--PERSONAL NAME | |
| Personal name | बेहेरे माधव उाgऎ. |
| 245 ## - TITLE STATEMENT | |
| Title | "तुमSाा जन्मरवि म्हणजेSा तुमSया जन्मतारखेवरु न, विविध प्रकारSो मार्गदर्शन" |
| 260 ## - PUBLICATION, DISTRIBUTION, ETC. (IMPRINT) | |
| Name of publisher, distributor, etc | रमेश विठठ्ल रघुवंशी |
| Date of publication, distribution, etc | 1971 |
| 300 ## - PHYSICAL DESCRIPTION | |
| Extent | 192 |
| 600 ## - SUBJECT ADDED ENTRY--PERSONAL NAME | |
| Personal name | बेहेरे माधव उाgऎ. |
| 630 ## - SUBJECT ADDED ENTRY--UNIFORM TITLE | |
| Uniform title | "तुमSाा जन्मरवि म्हणजेSा तुमSया जन्मतारखेवरु न, विविध प्रकारSो मार्गदर्शन" |
| 700 ## - ADDED ENTRY--PERSONAL NAME | |
| Personal name | बेहेरे माधव उाgऎ. |
| 730 ## - ADDED ENTRY--UNIFORM TITLE | |
| Uniform title | "तुमSाा जन्मरवि म्हणजेSा तुमSया जन्मतारखेवरु न, विविध प्रकारSो मार्गदर्शन" |
| 942 ## - ADDED ENTRY ELEMENTS (KOHA) | |
| Koha item type | Book |
| Withdrawn status | Lost status | Damaged status | Not for loan | Home library | Current library | Date acquired | Cost, normal purchase price | Total Checkouts | Full call number | Barcode | Date last seen | Cost, replacement price | Price effective from | Koha item type |
|---|---|---|---|---|---|---|---|---|---|---|---|---|---|---|
| Dadar Sarvajanik Vachanalaya, Dardar | Dadar Sarvajanik Vachanalaya, Dardar | 07/11/2009 | 5.00 | 62486 | DASAVA-62486 | 07/11/2009 | 5.00 | 07/11/2009 | Book |